All Clubs Thorgan Hazard Has Played For - Statistics

General Stats
  • This quiz has been taken 13 times
    4 since last reset
  • The average score is 5 of 9
Answer Stats
Year Appearances Goals Answer % Correct
2013-2022(Nationality) 47 9 Belgium
100%
2023-Current 47 10 Anderlecht
75%
2019-2023 86 12 Borussia Dortmund
75%
2012-2015 0 0 Chelsea
75%
2015-2019 119 30 Borussia Mönchengladbach
50%
2014-2015(Loan) 28 1 Borussia Mönchengladbach
25%
2011-2012 14 0 Lens
25%
2023(Loan) 9 1 PSV Eindhoven
25%
2012-2014(Loan) 73 18 Zulte Waragem
25%
No matching quizzes found
Score Distribution
Percent of People with Each Score
Percentile by Number Answered
Your Score History
You have not taken this quiz since the last reset